Contabilidad bs̀ica

Detalles Bibliográficos
Autor principal: Pallerola Comamala, Joan
Formato: eBook
Lenguaje:español
Publicado: Bogot:̀ Ediciones de la U, 2013
Materias:
Acceso en línea:Acceso restringido

MARC

LEADER 00000nam a22000007a 4500
005 20210706005126.0
007 cr|||| ||||
008 210706s2013 co |||||s|||| 00||0 spa d
020 |a 978-958-762-070-2 
035 |a 33339 
040 |a vLex 
090 |c 11851  |d 11851 
100 1 |a Pallerola Comamala, Joan 
245 1 0 |a Contabilidad bs̀ica  |h [Recurso electrn̤ico] /  |c Joan Pallerola Comamala 
256 |a Servicio en ln̕ea 
260 |a Bogot:̀  |b Ediciones de la U,  |c 2013 
300 |a 1 recurso electrn̤ico 
500 |a Es muy probable que a los lectores acostumbrados a los libros de contabilidad avanzada les parezca bastante atp̕ico que un libro destinado a los que se inicien en la contabilidad empiece en su primer capt̕ulo explicando el balance y no lo que es un asiento. Ciertamente hay que explicar el por qu ̌de ello porque no es el camino ms̀ habitual en la literatura destinada a explicar los entresijos de la contabilidad a inicit̀icos. 
506 1 |a Disponible solo en los productos indicados  |d vLex Global  |d vLex Global (Academic Edition, excluding Law Schools)  |d vLex Global (U.S. Academic Edition, Law Schools)  |d vLex Global (U.S. Academic Edition, excluding Law Schools)  |d vLex Global (Academic Edition, Law Schools) 
650 0 4 |a Contabilidad  |z Colombia 
650 0 4 |a Banca y finanzas  |z Colombia 
740 0 |a vLex Libros (Servicio en ln̕ea) 
856 4 0 |u https://vlex.com/source/contabilidad-basica-33339  |z Acceso restringido 
942 |c BOOK 
999 0 |a Accounting 
999 0 |a Banking and finance